<?xml version="1.0" encoding="UTF-8"?>
<record
    xmlns:xsi="http://www.w3.org/2001/XMLSchema-instance"
    xsi:schemaLocation="http://www.loc.gov/MARC21/slim http://www.loc.gov/standards/marcxml/schema/MARC21slim.xsd"
    xmlns="http://www.loc.gov/MARC21/slim">

  <leader>01060nam a22002777a 4500</leader>
  <controlfield tag="001">23565</controlfield>
  <controlfield tag="003">DO-SdBNP</controlfield>
  <controlfield tag="005">20180315105603.0</controlfield>
  <controlfield tag="007">23566</controlfield>
  <controlfield tag="008">160509b 2013 dr ||||| |||| 00| 0 spa d</controlfield>
  <datafield tag="040" ind1=" " ind2=" ">
    <subfield code="a">BPMSU</subfield>
    <subfield code="b">spa</subfield>
    <subfield code="c">BPMSU</subfield>
  </datafield>
  <datafield tag="245" ind1=" " ind2=" ">
    <subfield code="a">M&#xF3;dulo III: </subfield>
    <subfield code="b">primer ciclo de educaci&#xF3;n b&#xE1;sica de personas j&#xF3;venes y adultas /</subfield>
    <subfield code="c">producci&#xF3;n Sardis Medrano Cabral, Midalma L&#xF3;pez ; coordinaci&#xF3;n Mir&#xED;an Camilo Recio ; ilustraci&#xF3;n Ram&#xF3;n L. Sandoval </subfield>
  </datafield>
  <datafield tag="260" ind1=" " ind2=" ">
    <subfield code="a">Santo Domingo : </subfield>
    <subfield code="b">Ministerio de Educaci&#xF3;n </subfield>
    <subfield code="c">2013</subfield>
  </datafield>
  <datafield tag="300" ind1=" " ind2=" ">
    <subfield code="a">160 p. : </subfield>
    <subfield code="b">il. ; </subfield>
    <subfield code="c">29 cm. </subfield>
  </datafield>
  <datafield tag="500" ind1=" " ind2=" ">
    <subfield code="a"> Contiene la gu&#xED;a metodol&#xF3;gica para docentes y facilitadores </subfield>
  </datafield>
  <datafield tag="505" ind1=" " ind2=" ">
    <subfield code="a">M&#xF3;dulo III : </subfield>
    <subfield code="t"> La comunidad </subfield>
  </datafield>
  <datafield tag="700" ind1=" " ind2=" ">
    <subfield code="a"> Medrano Cabral, Sardis </subfield>
  </datafield>
  <datafield tag="700" ind1=" " ind2=" ">
    <subfield code="a">L&#xF3;pez, Midalma </subfield>
  </datafield>
  <datafield tag="700" ind1=" " ind2=" ">
    <subfield code="a"> Sandoval, Ram&#xF3;n L. </subfield>
    <subfield code="e">il. </subfield>
  </datafield>
  <datafield tag="700" ind1=" " ind2=" ">
    <subfield code="a">Camilo Recio, Miriam</subfield>
    <subfield code="e">coord. </subfield>
  </datafield>
  <datafield tag="700" ind1=" " ind2=" ">
    <subfield code="a"> </subfield>
    <subfield code="e"> </subfield>
  </datafield>
  <datafield tag="710" ind1=" " ind2=" ">
    <subfield code="a">Rep&#xFA;blica Dominicana </subfield>
    <subfield code="b">Ministerio de Educaci&#xF3;n </subfield>
  </datafield>
  <datafield tag="942" ind1=" " ind2=" ">
    <subfield code="2">ddc</subfield>
    <subfield code="c">BK</subfield>
  </datafield>
  <datafield tag="945" ind1=" " ind2=" ">
    <subfield code="a">Remanejado para la BNPHU / 2018 VM</subfield>
  </datafield>
  <datafield tag="952" ind1=" " ind2=" ">
    <subfield code="0">0</subfield>
    <subfield code="1">0</subfield>
    <subfield code="2">ddc</subfield>
    <subfield code="4">0</subfield>
    <subfield code="7">0</subfield>
    <subfield code="8">CE</subfield>
    <subfield code="a">BPMET</subfield>
    <subfield code="b">BPMET</subfield>
    <subfield code="d">2016-05-09</subfield>
    <subfield code="e">FUNDI</subfield>
    <subfield code="l">0</subfield>
    <subfield code="p">BPMET16050171</subfield>
    <subfield code="r">2016-05-09</subfield>
    <subfield code="w">2016-05-09</subfield>
    <subfield code="y">BK</subfield>
  </datafield>
  <datafield tag="956" ind1=" " ind2=" ">
    <subfield code="2">VMATEO</subfield>
    <subfield code="3">10</subfield>
    <subfield code="6">20160509</subfield>
    <subfield code="8">BPMSU</subfield>
    <subfield code="a">0069</subfield>
  </datafield>
  <datafield tag="999" ind1=" " ind2=" ">
    <subfield code="c">10042</subfield>
    <subfield code="d">10042</subfield>
  </datafield>
</record>
